| 000 | 00715nam a2200229 a 4500 | ||
|---|---|---|---|
| 001 | 000021990 | ||
| 003 | DO-SdBNP | ||
| 005 | 20251208100946.0 | ||
| 008 | 100915s1978 mx a r 000 0 spa d | ||
| 040 |
_aDO-SdBNP _bspa _cBNPHU |
||
| 049 | _aBNGR | ||
| 082 |
_a371.26 _bT499t |
||
| 100 | 1 |
_aThorndike, Robert L. _d1910-1990 _945585 |
|
| 245 | 1 | 0 |
_aTests y técnicas de medición en psicología y educación / _cRobert L. Thorndike , Elizabeth Hagen. |
| 250 | _a4a reimp. | ||
| 260 |
_aMéxico, D. F. : _bTrillas, _c1978. |
||
| 300 |
_a733 p. : _bil. ; _c23 cm. |
||
| 500 | _aIncluye índice analítico. | ||
| 650 | 4 |
_aMediciones y pruebas educativas _92223 |
|
| 650 | 4 |
_aPsicometría _94641 |
|
| 942 |
_2ddc _cLBS1 |
||
| 999 |
_c21488 _d21488 |
||